| 000 | 00515nam a2200193 a 4500 | ||
|---|---|---|---|
| 001 | 19155 | ||
| 003 | CO-ViMGA | ||
| 008 | 141112s2004 ck r 000 u spa d | ||
| 020 | _a9681665739 | ||
| 040 |
_aCO-ViMGA _bspa _cCO-ViMGA |
||
| 082 | 0 | 4 | _aISOg |
| 100 | 1 |
_aIsol, _927457 |
|
| 245 | 1 | 0 | _aEl Globo |
| 260 |
_aMexico : _bFondo de Cultura Ecónomica, _c2002 |
||
| 490 | _aA la orilla del viento | ||
| 590 | _aForma de adquisición : Premio Mincultura | ||
| 650 | 1 | 4 |
_aCUENTOS INFANTILES _92743 |
| 942 |
_2ddc _cBK |
||
| 999 |
_c28319 _d28319 |
||